Cosi fan tutte [CD аудио] (Запис номер 216388)
[ съкратено ]
| 000 -Лидер | |
|---|---|
| Контролно поле с фиксирана дължина | 02051njm a2200445 c 4500 |
| 003 - Код на организацията, давaща контролен номер | |
| Контролно поле | BLK |
| 005 - Дата и час на последна редакция | |
| Контролно поле | 20250324092832.0 |
| 008 - Елементи от данни с фиксирана дължина | |
| fixed length control field | 180410b bul||n||s|||||||| n|bulo| |
| 010 ## - Наследен системен номер | |
| LC control number | CDD00000449000 |
| 040 ## - Източник на каталожния запис | |
| Идентификатор на билиотеката - собственик на записа | BLK |
| 041 ## - Код за език | |
| Код за езика на текст/звукозапис или на отделно заглавие | Немски |
| Код за езика КДБФ | Немски |
| 080 ## - УДК | |
| Текстов определител УДК | Опера. Музикална драма. Романтична опера. Опера-приказка |
| УДК код - определител по УДК | 782.1 |
| УДК - код + определител | 782.1 |
| 100 ## - Редна дума - Автор | |
| Автор | Моцарт, Волфганг Амадеус |
| Дати, свързани с автора | 1756 - 1791 |
| R(LIN) | 368558 |
| 139 ## - Редно поле | |
| Редна дума | Моцарт, Волфганг Амадеус |
| Авторски знак | Мот - М 93 |
| 245 10 - Сведения за заглавието | |
| Заглавие | Cosi fan tutte [CD аудио] |
| Подзаглавни данни | CD 1-2 |
| Редно поле (дума) | Волфганг Амадеус Моцарт; * Wolfgang Amadeus Mozart; сопран Gundula Janowitz; мецосопран Brigitte Fassbaender; тенор Peter Schreier; баритон Hermann Prey; сопран Reri Grist; баритон Rolando Panerai; изп. Wiener Staatsoperchor; изп. Wiener Philarmoniker; диригент Karl Bohm. |
| Том | CD 2 |
| Заглавие на том | Atto I, Scena 16(2) - AttoII |
| Версия | KV588 |
| 257 ## - Страна на издаване | |
| Страна на създаване/издаване | Германия |
| 260 ## - Област на издателските данни | |
| Име на издателя, разпространителя и проч. | Polydor |
| Година на издаване | 1989 |
| 300 ## - Физическа характеристика | |
| Размери/Мащаб | 12 cm. |
| Тип мерна единица | бр. в к-т |
| Количество на мерната единица | 1 CD |
| 380 ## - Жанр | |
| Жанр | Изкуство |
| 650 #4 - Допълнително описание по предмет – тема | |
| Основно описание – тема или топоним | Опери |
| 9 (RLIN) | 165041 |
| 653 ## - Ключова дума – ненормативна | |
| Ключова дума | Опера |
| 700 ## - Други автори (авторска отговорност) | |
| Лично име | Mozart, Wolfgang Amadeus |
| Дати, свързани с автора | 1756 - 1791 |
| 9 (RLIN) | 386874 |
| 700 1# - Други автори (авторска отговорност) | |
| Лично име | Janowitz, Gundula |
| Автороска отговорност (Описва отношението между автора и произведението) | сопран |
| 9 (RLIN) | 14024 |
| 700 1# - Други автори (авторска отговорност) | |
| Лично име | Fassbaender, Brigitte |
| Автороска отговорност (Описва отношението между автора и произведението) | мецосопран |
| 9 (RLIN) | 9805 |
| 700 1# - Други автори (авторска отговорност) | |
| Лично име | Schreier, Peter |
| Дати, свързани с автора | 1935 - 2019 |
| Друга информация | Тенор |
| Автороска отговорност (Описва отношението между автора и произведението) | тенор |
| 9 (RLIN) | 23826 |
| 700 1# - Други автори (авторска отговорност) | |
| Лично име | Prey, Hermann |
| Автороска отговорност (Описва отношението между автора и произведението) | баритон |
| 9 (RLIN) | 21711 |
| 700 1# - Други автори (авторска отговорност) | |
| Лично име | Grist, Reri |
| Автороска отговорност (Описва отношението между автора и произведението) | сопран |
| 9 (RLIN) | 11786 |
| 700 1# - Други автори (авторска отговорност) | |
| Лично име | Panerai, Rolando |
| Автороска отговорност (Описва отношението между автора и произведението) | баритон |
| 9 (RLIN) | 353653 |
| 700 1# - Други автори (авторска отговорност) | |
| Лично име | Wiener Staatsoperchor |
| Автороска отговорност (Описва отношението между автора и произведението) | изп. |
| 9 (RLIN) | 353654 |
| 700 1# - Други автори (авторска отговорност) | |
| Лично име | Wiener Philarmoniker |
| Автороска отговорност (Описва отношението между автора и произведението) | изп. |
| 9 (RLIN) | 387498 |
| 700 1# - Други автори (авторска отговорност) | |
| Лично име | Bohm, Karl |
| 9 (RLIN) | 5560 |
| 760 1# - Описание на основната серия | |
| Редна дума на основното описание | Моцарт, Волфганг Амадеус |
| Страници - том | 76мин. 51сек. |
| Заглавие | CD 2 Atto I, Scena 16(2) - AttoII |
| 852 ## - Местоположение | |
| Форматна сигнатура | Цб CD 1930 |
| Част | 0 |
| 856 4# - Електронен адрес и достъп | |
| Електронен формат | pdf - файл |
| Път до файла /url/ | |
| 856 4# - Електронен адрес и достъп | |
| Електронен формат | pdf - файл |
| Път до файла /url/ | |
| 942 ## - АРТИКУЛИ | |
| Вид на библиотечния материал | Компактдискове |
| Скрит в OPAC | Не |
| 944 ## - СЪЗДАВАНЕ И РЕДАКЦИЯ на ЗАПИСА | |
| Създаване/Редакция | Създаване |
| Дата на регистрацията/редакция | 21.10.2008 |
| Служител, извършил регистрацията/редакцията | 30560 |
| Статус, дата на статуса | Геновева Генчева |
| 944 ## - СЪЗДАВАНЕ И РЕДАКЦИЯ на ЗАПИСА | |
| Създаване/Редакция | Редакция |
| Дата на регистрацията/редакция | 21.10.2008 |
| 999 ## - СИСТЕМНИ КОНТРОЛНИ НОМЕРА | |
| Koha biblionumber | 216388 |
| Koha biblioitemnumber | 216388 |
| 999 ## - СИСТЕМНИ КОНТРОЛНИ НОМЕРА | |
| Koha biblioitemnumber | 216388 |
| Код за отписване | Код за изгубен артикул | Източник на класификационната схема | Код за повреда | Коз за рестрикции | Код за отдаване | Артикулен № | Име на библиотеката - собственик | Име на библиотеката, в която се намира в момента | Статус (Текущо местоположение) | Дата на вписване в системата | Местоположение - отдел | Цена в лева | Инвентарен номер | Систематично азбучна сигнатура | Баркод | Номер на екземпляра | Цена в евро | Служебна бележка | Служебен тип на артикула |
|---|---|---|---|---|---|---|---|---|---|---|---|---|---|---|---|---|---|---|---|
| Не е изгубен | Universal Decimal Classification | Не е повреден | без рестрикции | заемане за дома | 387757 | Регионална библиотека "Любен Каравелов" Русе | Регионална библиотека "Любен Каравелов" Русе | Отдел Изкуство - подръчен фонд | 1989-01-01 | Отдел Изкуство - подръчен фонд | 6.00 | 120000905764 | 782/M 91 W | 120000905764 | 1 | 3.07 | Дост: DA Вид: А Дата: 01.01.1989 | Компактдискове |